000 00687nam a2200241 4500
001 28121
003 BD-RjUL
005 20211209051236.0
008 140329s1958 njuabcf b 001 0 eng d
035 _a(BD-RjUL)28202
040 _aDLC
_cDLC
_dDLC
_dBD-RjUL
_beng
041 _aeng
082 0 0 _a956.95
_bPAK 1958
100 1 _aPatai, Raphael,
_d1910-
_986203
245 0 4 _aThe Kingdom of Jordan /
_c Raphael Patai.
260 _aPrinceton :
_bPrinceton University Press,
_c1958.
300 _aix, 315 p. :
_bill. ;
_c23 cm.
504 _a"Suggested readings": p. 307-308. and Index
651 0 _aJordan.
_986204
942 _2ddc
_cBK
999 _c28121
_d28121